Sports Quiz

Random Sports Quiz
Score 0/18 Timer 02:00
0 Plays Today
Match Type Wrestler % Correct
Match 7 - Singles Match for the WWF ChampionshipThe Undertaker
98.9%
Match 1 - King of the Ring Semi-Final MatchHunter Hearst Helmsley
98.4%
Match 5 - King of the Ring Final MatchHunter Hearst Helmsley
98.4%
Match 2 - King of the Ring Semi-Final MatchMankind
96.8%
Match 4 - 6-Man Tag Team MatchOwen Hart
96.8%
Match 5 - King of the Ring Final MatchMankind
96.8%
Match 6 - Singles MatchSteve Austin
95.7%
Match 4 - 6-Man Tag Team MatchThe British Bulldog
94.7%
Match 6 - Singles MatchShawn Michaels
91.7%
Match Type Wrestler % Correct
Match 7 - Singles Match for the WWF ChampionshipFaarooq
90.4%
Match 1 - King of the Ring Semi-Final MatchAhmed Johnson
89.6%
Match 4 - 6-Man Tag Team MatchHawk
82.4%
Match 4 - 6-Man Tag Team MatchAnimal
82.4%
Match 3 - Singles MatchGoldust
81.1%
Match 4 - 6-Man Tag Team MatchJim Neidhart
80.3%
Match 4 - 6-Man Tag Team MatchSycho Sid
73.6%
Match 2 - King of the Ring Semi-Final MatchJerry Lawler
72%
Match 3 - Singles MatchCrush
69.3%
Remove Ads.
Support Sporcle.
Get the best of Sporcle when you Go Orange. This ad-free experience offers more features, more stats, and more fun while also helping to support Sporcle. Thank you for becoming a member.

You're not logged in!

Compare scores with friends on all Sporcle quizzes.
OR
Log In

Show Comments

Extras

Top Quizzes Today


Score Distribution

Your Account Isn't Verified!

In order to create a playlist on Sporcle, you need to verify the email address you used during registration. Go to your Sporcle Settings to finish the process.

Report this User

Report this user for behavior that violates our Community Guidelines.

Details: